Indian economy / (Record no. 150983)

MARC details
000 -LEADER
fixed length control field 00571nam a22001817a 4500
005 - DATE AND TIME OF LATEST TRANSACTION
control field 20180410155907.0
010 ## - LCCN (DPL NO)
LC control number ENG-122605
020 ## - INTERNATIONAL STANDARD BOOK NUMBER
Terms of availability 150.00
035 ## - SYSTEM CONTROL NUMBER
System control number EN-106137
037 ## - SOURCE OF ACQUISITION
Source of stock number/acquisition DBAD/PUB
082 ## - DEWEY DECIMAL CLASSIFICATION NUMBER
Classification number 330.954
100 ## - MAIN ENTRY--PERSONAL NAME
Personal name Sankarganesh.K
245 ## - TITLE STATEMENT
Title Indian economy /
Statement of responsibility, etc byK.Sankarganesh
260 ## - PUBLICATION, DISTRIBUTION, ETC. (IMPRINT)
Date of publication, distribution, etc 2011
Place of publication, distribution, etc Chennai
Name of publisher, distributor, etc Kavin Mukhil Publications
270 ## - ADDRESS
Address 13/6,Srijess Apartments,II Floor,8th Cross Street,II Main Road,Shenoy Nagar West,
City Chennai
Postal code 600030
Telephone number 09940244576
300 ## - PHYSICAL DESCRIPTION
Dimensions 22cm(pbk)
Extent 142p.
942 ## - ADDED ENTRY ELEMENTS (KOHA)
Item type English Books
Source of classification or shelving scheme Dewey Decimal Classification
Call number suffix SAN
Classification part 330.954
Holdings
Withdrawn status Lost status Not for loan Collection code Home library Current library Date acquired Source of acquisition Cost, normal purchase price Full call number Barcode Copy number Cost, replacement price Koha item type
    Not For Loan Non-fiction D.B.Act.Division Sarojini Nagar 10/04/2018 DBAD/PUB 150.00 330.954 SAN EN-106137 1 150.00 English Books

© Delhi Public Library
Hit Counter
free hit counter